La nueva narrativa transmedia de la generación Google Kids (Record no. 151234)

MARC details
000 -LEADER
fixed length control field 00750nam a22002177a 4500
005 - DATE AND TIME OF LATEST TRANSACTION
control field 20211018100141.0
008 - FIXED-LENGTH DATA ELEMENTS--GENERAL INFORMATION
fixed length control field 190912b sp ||||| |||| 00| 0 spa d
020 ## - INTERNATIONAL STANDARD BOOK NUMBER
International Standard Book Number 9788491800804
050 04 - LIBRARY OF CONGRESS CALL NUMBER
Classification number HQ784.I58
Item number F74 2018
100 1# - MAIN ENTRY--PERSONAL NAME
Personal name Freire Sánchez, Alfonso.
245 13 - TITLE STATEMENT
Title La nueva narrativa transmedia de la generación Google Kids
Statement of responsibility, etc / Alfonso Freire Sánchez ; prólogo de Rebeca Pardo.
250 ## - EDITION STATEMENT
Edition statement 1a ed.
260 ## - PUBLICATION, DISTRIBUTION, ETC. (IMPRINT)
Place of publication, distribution, etc Barcelona, España :
Name of publisher, distributor, etc UOC (Universitat Oberta de Catalunya),
Date of publication, distribution, etc 2018.
300 ## - PHYSICAL DESCRIPTION
Extent 90 p. ;
Dimensions 21 cm
490 ## - SERIES STATEMENT
Series statement Manuales (Comunicación) ;
Volume number/sequential designation 554
504 ## - BIBLIOGRAPHY, ETC. NOTE
Bibliography, etc Incluye bibliografía.
650 #7 - SUBJECT ADDED ENTRY--TOPICAL TERM
Source of heading or term lemb
Topical term or geographic name as entry element Internet y niños
650 #4 - SUBJECT ADDED ENTRY--TOPICAL TERM
Topical term or geographic name as entry element Narrativa transmedia
700 1# - ADDED ENTRY--PERSONAL NAME
Personal name Pardo, Rebeca,
Relator term prologuista
942 ## - ADDED ENTRY ELEMENTS (KOHA)
Source of classification or shelving scheme Biblioteca del Cogreso de los Estados Unidos
Koha item type Libro
Holdings
Estado de pérdida Fuente de clasificación Estado del daño No para préstamo Ubicación permanente Ubicación actual Apartado o colección Fecha de adquisición Fuente de adquisición Edición Área del conocimiento Clasificación Código de Barras Date last seen Número de copia Costo por reposición Tipo de recurso Total Checkouts
  Biblioteca del Cogreso de los Estados Unidos     Biblioteca de la Facultad de Letras Biblioteca de la Facultad de Letras General 18/10/2021 Donación 1a ed. Ciencias Sociales y Administrativas HQ784.I58 F74 2018 LLH000009579 18/10/2021 1 1.00 Libro  
  Biblioteca del Cogreso de los Estados Unidos     Biblioteca del Instituto de Investigaciones Históricas Biblioteca del Instituto de Investigaciones Históricas General 12/09/2019 Programa de Fortalecimiento de la Calidad Educativa 2018 1a ed. Ciencias Sociales y Administrativas HQ784.I58 F74 2018 IIH000028754 12/09/2019 1 1.00 Libro